Revelacion á Santa Maŕia Magdalena.

Bibliographic Details
Main Author: De' Pazzi, Maria Maddalena, Saint, 1566-1607 (supposed author.)
Format: Book
Language:Spanish
Published: [Place pf publication unidentified] : [publisher not identified], [18--?]
Subjects:

MARC

Tag First Indicator Second Indicator Subfields
LEADER 00000cam a2200000 i 4500
001 in00004350086
005 20210125122929.0
008 201202s18uu xx 000 0 spa d
035 |a (OCoLC)on1225149391 
035 |a (OCoLC)1225149391 
040 |a TXA  |b eng  |e rda  |c TXA  |d UtOrBLW 
043 |a n-mx--- 
049 |a TXAM 
050 4 |a BX2159.P3  |b D46 1800z 
100 1 |a De' Pazzi, Maria Maddalena,  |c Saint,  |d 1566-1607,  |e supposed author.  |0 http://id.loc.gov/authorities/names/n50069185 
245 1 0 |a Revelacion á Santa Maŕia Magdalena. 
246 1 8 |a Nuevo novenario 
264 1 |a [Place pf publication unidentified] :  |b [publisher not identified],  |c [18--?] 
300 |a 30 pages, 1 unnumbered leaf ;  |c 10 cm 
336 |a text  |b txt  |2 rdacontent 
337 |a unmediated  |b n  |2 rdamedia 
338 |a volume  |b nc  |2 rdacarrier 
500 |a The Cushing LIbrary/Colonial Mexican Collection copy is imperfect; title page wanting.  |5 TXA 
500 |a Caption title, from page 3.. 
500 |a Author supplied by cataloger, based on beginning of text. 
500 |a The Cushing Library/Colonial Mexican Imprint Collection copy is bound with: [Himno a la Divina Providencia] -- Revelacion a Santa Maria Magdalena. [Mexico? : publisher not identified, 18--?] -- Sentimientos de piedad en forma de suplicos. [Mexico : Imp. de M. Murguia, 1855] -- Dolorosas peticiones. [Mexico? : Imp. de M. Murguia y comp., 18--?] -- Oracion dedicada a la sombra de Sr. San Pedro. [Mexico : Imprenta de M. Murguia y comp., 1854] -- Novena a la santisima virgen Maria de Guadalupe. [Mexico : Imprenta de M. Murguia y comp, 1855] -- Advertencia. [Mexico? : s.n., 18--?] -- Invocacion. [Mexico? : s.n., 18--?] -- Devocion a la santisima pasion y muerte de nuestro Señor Jesucristo. [Mexico : Imprenta de M. Murguia, 1860] -- Dia de dolores. [Mexico : Imprenta de Luis G. Gonzalez, 1850] -- Novena y dia diez y siete. [Mexico : Imp. de M. Murguia, 1858] -- Novena al glorioso taumaturgo San Antonio de Padua. [Mexico : Imprenta de Luis Abadiano, 1850?] -- Novena del glorioso apostol San Judas Tadeo. [Mexico : Imprenta de Luis Abadiano y Valdes, 1851] -- Devocionario hecho por un sacerdote a peticion de una alma piadosa. [Mexico : Don Mariano de Zuñiga y Ontiveros, 1797].  |5 TXA 
536 |a This catalog record was made possible with a grant from the Council on Library and Information Resources (CLIR) Cataloging Hidden Special Collections and Archives program  |c 41100623 
600 0 0 |a Jesus Christ  |x Passion  |v Prayers and devotions. 
650 0 |a Precious Blood, Devotion to.  |0 http://id.loc.gov/authorities/subjects/sh85106204 
650 0 |a Five Sacred Wounds  |v Prayers and devotions. 
655 7 |a Prayer books  |z Mexico  |y 19th century.  |2 rbgenr 
655 7 |a Miniature books (Printing)  |z Mexico  |y 19th century.  |2 rbpri 
752 |a Mexico  |d Mexico City. 
948 |a cataloged  |b h  |c 2020/12/2  |d o  |e fpiscitelli  |f 1:34:54 pm 
994 |a C0  |b TXA 
999 f f |s 058974f1-b33b-3a67-b1ee-72fc0d4549dd  |i b426e533-9a9a-325f-bdc7-49fa9a9ad1e4  |t 0 
952 f f |p noncirc  |a Texas A&M University  |b College Station  |c Cushing Memorial Library & Archives  |d Cushing: Colonial Mexican Imprints (Does not check out)  |t 0  |e BT135 .S25 1800z  |h Library of Congress classification  |i unmediated -- volume  |m A14851964719 
952 f f |a Texas A&M University  |b College Station  |c Cushing Memorial Library & Archives  |d Cushing: Colonial Mexican Imprints (Does not check out)  |t 0  |e BT135 .S25 1800z  |h Library of Congress classification 
998 f f |a BT135 .S25 1800z  |t 0  |l Cushing: Colonial Mexican Imprints (Does not check out)